00414nam a2200121Ia 450000500170000000800410001708200130005810000140007124500920008526000460017730000190022350000500024220250704023551.0240331s9999 xx 000 0 und d bTHAa954 aThapar, R 0aCommunalism and the Historical Legacy :bJathibedawadaya ha indeeya ithihasaya liweema aColombobPeople's Publishing Housec1990 a57 p ., ( C 2) aCommunalism and the writing of Indian History